Statistics for Metallica Songs by Album

Click here to take the quiz!

General Stats

  • This quiz has been taken 508 times
    (110 since last reset)
  • The average score is 63 of 136

Answer Stats

Album Track # Song % Correct
Master of Puppets2Master of Puppets
96%
Metallica1Enter Sandman
92%
Master of Puppets1Battery
89%
And Justice for All4One
88%
Metallica4The Unforgiven
88%
Ride the Lightning2Ride the Lightning
88%
Metallica8Nothing Else Matters
87%
Master of Puppets7Orion
86%
And Justice for All2And Justice for All
86%
Kill 'em All9Seek and Destroy
86%
And Justice for All1Blackened
85%
St. Anger2St. Anger
85%
Ride the Lightning7Creeping Death
85%
Kill 'em All2The Four Horsemen
85%
Master of Puppets4Welcome Home (Sanitarium)
83%
Ride the Lightning3For Whom the Bell Tolls
83%
Ride the Lightning4Fade to Black
83%
Reload4The Unforgiven II
80%
Metallica2Sad But True
80%
Kill 'em All1Hit the Lights
76%
Reload1Fuel
76%
Ride the Lightning1Fight Fire With Fire
75%
Hardwired... to Self-Destruct1Hardwired
75%
Master of Puppets8Damage Inc
73%
Ride the Lightning5Trapped Under Ice
71%
Kill 'em All6Whiplash
71%
Kill 'em All10Metal Militia
70%
Death Magnetic7The Unforgven III
70%
Ride the Lightning8Call of Ktulu
70%
And Justice for All6Harvester of Sorrow
68%
Master of Puppets5Disposable Heroes
67%
Master of Puppets6Leper Messiah
67%
Metallica5Wherever I May Roam
67%
Load5King Nothing
65%
Master of Puppets3The Thing That Should Not Be
65%
Kill 'em All5(Anesthesia) - Pulling Teeth
65%
Kill 'em All3Motorbreath
65%
Metallica9Of Wolf and Man
64%
And Justice for All9Dyers Eve
63%
Kill 'em All4Jump in the Fire
63%
Death Magnetic4The Day That Never Comes
62%
And Justice for All8To Live is to Die
60%
Ride the Lightning6Escape
58%
Metallica11My Friend of Misery
57%
And Justice for All5Shortest Straw
57%
Metallica6Don't Tread on Me
57%
Load11Mama Said
57%
Garage Inc. Disc 19Whiskey in the Jar
56%
Metallica10The God that Failed
56%
St. Anger1Frantic
55%
Kill 'em All7Phantom Lord
54%
Reload2The Memory Remains
54%
And Justice for All3Eye of the Beholder
52%
Load22 x 4
52%
Metallica3Holier Than Thou
52%
Kill 'em All8No Remorse
51%
Metallica7Through the Never
51%
Load4Until It Sleeps
51%
Hardwired... to Self-Destruct2Atlas, Rise!
51%
Load1Ain't My Bitch
50%
Hardwired... to Self-Destruct4Moth Into Flame
50%
Death Magnetic5All Nightmare Long
48%
St. Anger3Some Kind of Monster
48%
Death Magnetic6Cyanide
48%
And Justice for All7Frayed Ends of Sanity
46%
Garage Inc. Disc 26Am I Evil?
45%
Hardwired... to Self-Destruct6Spit Out the Bone
44%
Load6Hero of the Day
43%
Metallica12The Struggle Within
42%
Reload13Fixxxer
42%
Garage Inc. Disc 14Turn the Page
40%
Garage Inc. Disc 25Last Caress/Green Hell
39%
S&M1No Leaf Clover
37%
Garage Inc. Disc 211So What
37%
Load7Bleeding Me
37%
Death Magnetic3Broken, Beat & Scarred
37%
Load13Ronnie
36%
Reload11Low Man's Lyric
35%
Death Magnetic1That Was Just Your Life
35%
Hardwired... to Self-Destruct6Halo on Fire
35%
Load14Outlaw Torn
33%
Death Magnetic8The Judas Kiss
33%
Garage Inc. Disc 29The Prince
33%
St. Anger5Invisible Kid
33%
Garage Inc. Disc 28Breadfan
32%
Death Magnetic10My Apocalypse
32%
St. Anger9The Unnamed Feeling
32%
Reload3Devil's Dance
32%
Load3The House that Jack Built
31%
Hardwired... to Self-Destruct2ManUNKind
31%
Hardwired... to Self-Destruct3Now That We're Dead
30%
Garage Inc. Disc 210Stone Cold Crazy
30%
St. Anger8Sweet Amber
30%
Garage Inc. Disc 15Die, Die My Darling
30%
S&M2- Human
30%
Death Magnetic2The End of the Line
29%
Reload6Slither
29%
Reload9Where the Wild Things Are
29%
Garage Inc. Disc 213Overkill
29%
Hardwired... to Self-Destruct1Confusion
27%
St. Anger4Dirty Window
26%
Reload7Carpe Diem Baby
26%
Reload10Prince Charming
26%
Load9Poor Twisted Me
25%
Hardwired... to Self-Destruct4Am I Savage?
25%
Death Magnetic9Suicide & Redemption
25%
St. Anger10Purify
24%
Reload5Better Than You
24%
St. Anger11All Within My Hands
24%
Load8Cure
24%
Garage Inc. Disc 27Blitzkrieg
24%
Garage Inc. Disc 110Tuesday's Gone
23%
St. Anger7Shoot Me Again
23%
Garage Inc. Disc 17Mercyful Fate
23%
Garage Inc. Disc 18Astronomy
23%
Hardwired... to Self-Destruct5Murder One
23%
Hardwired... to Self-Destruct5Dream No More
23%
Hardwired... to Self-Destruct3Here Comes Revenge
21%
Garage Inc. Disc 16Loverman
20%
Reload8Bad Seed
20%
Load10Wasting My Hate
19%
Load12Thorn Within
19%
Garage Inc. Disc 23The Wait
18%
Garage Inc. Disc 13Sabbra Cadabra
18%
Reload12Attitude
18%
St. Anger6My World
18%
Garage Inc. Disc 214Damage Case
18%
Garage Inc. Disc 215Stone Dead Forever
17%
Garage Inc. Disc 21Helpless
17%
Garage Inc. Disc 12It's Electric
15%
Garage Inc. Disc 11Free Speech for the Dumb
15%
Garage Inc. Disc 216Too Late Too Late
15%
Garage Inc. Disc 24Crash Course in Brain Surgery
14%
Garage Inc. Disc 212Killing Time
13%
Garage Inc. Disc 22The Small Hours
12%
Garage Inc. Disc 111The More I See
8%

Score Distribution

Percentile by Number Answered

Percent of People with Each Score

Your Score History

You have not taken this quiz since the last reset